Human resources and personnel management

Αποθηκεύτηκε σε:
Λεπτομέρειες βιβλιογραφικής εγγραφής
Κύριος συγγραφέας: Werther, William B.
Άλλοι συγγραφείς: Davis, Keith 1918-
Μορφή: Βιβλίο
Γλώσσα:English
Δημοσίευση: New York : McGraw-Hill, c1996
Έκδοση:5th ed.
Σειρά:McGraw-Hill series in management
Θέματα:
Ετικέτες: Προσθήκη ετικέτας
Δεν υπάρχουν, Καταχωρήστε ετικέτα πρώτοι!

MARC

LEADER 00000nam a2200000 i 4500
001 1/51087
008 980309s1996 eng d
020 |a 0071148493 
035 |l 10027114 
040 |a GR-MY-UA  |b gre  |e aacr 
041 0 |a eng 
082 0 |a 658.3 
100 1 |a Werther, William B. 
245 1 0 |a Human resources and personnel management /  |c W.B. Werther, K. Davis 
250 |a 5th ed. 
260 |a New York :   |b McGraw-Hill,   |c c1996 
300 |a xxxiv, 637 σ. 
490 1 |a McGraw-Hill series in management 
504 |a Περιλαμβάνει βιβλιογραφικές παραπομπές και ευρετήριο 
650 0 0 |a Personnel management. 
700 1 |a Davis, Keith  |d 1918- 
830 0 |a McGraw-Hill series in management 
852 |a INST  |b CHIOS  |e 19980309  |h 658.3 WER  |p 005200009783  |q 005200009783  |t BK  |y 0 
901 |a BIBL-1997-3 
909 |a Χ  |b 053858 
922 |a 2ΕΛΗ  |b 199802  |c ΤΔΕ  |d ΠΑΠΑΣΩΤΗΡΙΟΥ